000 00577cam a2200217 4500
001 ABS68518
008 041223n2004 000 0 eng u
035 _a(Sirsi) u128426
245 _aRegional survey: London boroughs west
260 _c2004
490 _aProperty Week
_v69(48) 26 November 2004, 43-56(6)
590 _aABS
590 _aABS
650 _aLONDON BOROUGHS WEST
650 _aCHISWICK PARK
650 _aOFFICE MARKET
650 _aMEDIA INDUSTRY
650 _aMINISTRY OF DEFENCE PROPERTY
690 _aCOMMERCIAL PROPERTY-MARKET
942 _n0
999 _c118474
_d118474